000 00796cam a2200229 i 4500
003 SA-RiAUC
005 20251112114545.0
008 251111q19001999le g 00000 ara c
040 _aSA-RiAUC
_bara
_cSA-RiAUC
_erda
082 0 4 _a252.5
090 _a252.5
_bر ف ي
245 0 0 _aرفيق الطريق إلى حج بيت الله العتيق.
264 1 _aبيروت :
_bدار مكتبة الحياة،
_c[بين 1900 و1999]
300 _a143 صفحة ؛
_c19 سم
336 _aنص
_btxt
_2rdacontent
_3كتاب
337 _aبدون وسيط
_bn
_2rdamedia
338 _aمجلد
_bnc
_2rdacarrier
500 _aيشتمل على إيضاح مسائل الحج والعمرة.
650 7 _aالحج
_2aucsh
942 _2ddc
_cBOOK
_n0
949 _aSA-JeALM
_d251111
_umohamedma123
_n1
999 _c13193
_d13193